| 000 | 01460cam a2200337 a 4500 | ||
|---|---|---|---|
| 999 |
_c17905 _d17905 |
||
| 005 | 20161130085753.0 | ||
| 008 | 960326s1997 enka b 001 0 eng | ||
| 010 | _a 96014282 | ||
| 020 | _a0521431530 (hc) | ||
| 050 | 0 | 0 | _aND237.A4B56 1997 |
| 100 | 1 | _aBjelajac, David. | |
| 245 | 1 | 0 |
_aWashington Allston, secret societies, and the alchemy of Anglo-American painting / _cDavid Bjelajac. |
| 260 |
_aCambridge ; _aNew York : _bCambridge University Press, _c1997. |
||
| 300 |
_ax, 239 p. : _bill. ; _c26 cm. |
||
| 440 | 0 | _aCambridge studies in American visual culture | |
| 504 | _aIncludes bibliographical references (p. 206-231) and index. | ||
| 600 | 1 | 0 |
_aAllston, Washington, _d1779-1843 _xCriticism and interpretation. |
| 650 | 0 |
_aSymbolism in art _zUnited States. |
|
| 650 | 0 | _aFreemasonry in art. | |
| 856 | 4 | 2 |
_3Publisher description _uhttp://www.loc.gov/catdir/description/cam027/96014282.html |
| 856 | 4 | 1 |
_3Table of contents _uhttp://www.loc.gov/catdir/toc/cam025/96014282.html |
| 942 |
_2lcc _cBOOKS _hND237.A4B56 1997 |
||